000 005120000a22001810004500
003 MACL
005 20151207144609.0
008 151207b xxu||||| |||| 00| 0 eng d
040 _aMACL
_cMACL
041 _aHindi
082 _a741.642
100 _aगौरीशंकर पण्‍डया
_919705
245 _aसागरों की खोज
260 _bपराग प्रकाशन
_c1998
350 _a150
650 _aचिल्‍डन बुक
_9314
942 _cHIN
_k741.642
_2ddc
999 _c9669
_d9669